The Beatles Song Title Synonyms - Statistics

General Stats
  • This quiz has been taken 122 times
  • The average score is 14 of 18
Answer Stats
Synonym Song Title % Correct
Day Before Today Yesterday
98%
Operate My Automobile Drive My Car
97%
Assist! Help!
97%
Greetings, Farewell Hello, Goodbye
95%
Lucia in the Atmosphere with Precious Gems Lucy in the Sky with Diamonds
94%
Lemon-Colored Submersible Yellow Submarine
93%
A Difficult 24-Hour Period's Evening A Hard Day's Night
87%
Mystical Secret Guided Visit Magical Mystery Tour
85%
Eight-Tentacled Marine Creature's Yard Octopus's Garden
84%
Ancient Chocolate-Colored Footwear Old Brown Shoe
83%
Allow This to Exist Let It Be
78%
Would You Like to Discover a Mystery Do You Want to Know a Secret
72%
Darkfowl Blackbird
68%
Do Not Fail Me Don't Let Me Down
65%
Feeperson Taxman
65%
Mommy Earth's Male Child Mother Nature's Son
61%
Without Response No Reply
58%
Everything I Must Perform All I've Got to Do
35%
No matching quizzes found
Score Distribution
Percent of People with Each Score
Percentile by Number Answered
Your Score History
You have not taken this quiz